000 00679nam a22002297a 4500
005 20170124110226.0
010 _aA-505851
020 _c250.00
_a818504418X
035 _aA-505851
037 _bCen Lib/Ret
040 _aDPL
_bEN
082 _a332.1
_bNAR
100 _aNarula, R. K.
_940504
245 _aLegal and practical bank advances /
_cby R. K. Narula
250 _a2nd rev. ed.
260 _aDelhi
_bUDH Publishing House
_c1984
270 _a4078, Second Floor, Nai Sarak
_bDelhi
_e110006
300 _axxxii, 796p.
_c22cm(Hb)
650 _aCommercial banks
_911599
650 _aCredit policy -- Banks
_940505
942 _2ddc
_cEN
_h332.1
_mNAR
999 _c134436
_d134436